Movies Based on True Stories - Statistics

General Stats
  • This quiz has been taken 42 times
    9 since last reset
  • The average score is 13 of 36
Answer Stats
Picture Answer % Correct
Titanic
100%
Oppenheimer
86%
Catch Me if You Can
71%
The Wolf of Wall Street
71%
Bonnie and Clyde
57%
Erin Brockovich
57%
Hacksaw Ridge
57%
I, Tonya
57%
Lincoln
57%
Moneyball
57%
Apollo 13
43%
Argo
43%
Goodfellas
43%
Killers of the Flower Moon
43%
Lawrence of Arabia
43%
Rudy
43%
The Founder
43%
The Sound of Music
43%
Valkyrie
43%
12 Years a Slave
29%
Darkest Hour
29%
Hoosiers
29%
Schindler's List
29%
The Social Network
29%
127 Hours
14%
Dunkirk
14%
Quiz Show
14%
Sid and Nancy
14%
The Aviator
14%
The Elephant Man
14%
All the President's Men
0%
Arthur the King
0%
Knute Rockne, All American
0%
Pawn Sacrifice
0%
The Ministry of Ungentlemanly Warfare
0%
The Town that Dreaded Sundown
0%
No matching quizzes found
Score Distribution
Percent of People with Each Score
Percentile by Number Answered
Your Score History
You have not taken this quiz since the last reset